Statistics for Oldest Foreign Relations of the United States

Click here to take the quiz!

General Stats

  • This quiz has been taken 185 times
  • The average score is 17 of 24

Answer Stats

Formal Relations Began Country % Correct
1783United Kingdom
100%
1778France
99%
1783Spain
96%
1822Mexico
93%
1809Russia
93%
1791Portugal
92%
1797Germany
90%
1818Sweden
81%
1781Netherlands
81%
1824Brazil
79%
1832Belgium
76%
1823Argentina
74%
1822Colombia
70%
1801Denmark
69%
1826Peru
69%
1824Chile
65%
1831Turkey
59%
1832Ecuador
58%
1824Guatemala
47%
1824El Salvador
47%
1824Nicaragua
47%
1824Honduras
47%
1776Morocco
28%
1795Tunisia
11%

Score Distribution

Percentile by Number Answered

Percent of People with Each Score

Your Score History

You have not taken this quiz